Advances in computing,control and communication technology / (Record no. 138383)

MARC details
000 -LEADER
fixed length control field 00641nam a22002057a 4500
005 - DATE AND TIME OF LATEST TRANSACTION
control field 20170321153546.0
010 ## - LCCN (DPL NO)
LC control number ENG-117538
020 ## - INTERNATIONAL STANDARD BOOK NUMBER
International Standard Book Number 9789385926204
Terms of availability 575.00
035 ## - SYSTEM CONTROL NUMBER
System control number EN-101070
037 ## - SOURCE OF ACQUISITION
Source of stock number/acquisition DBAD/PUB
082 ## - DEWEY DECIMAL CLASSIFICATION NUMBER
Classification number 004
245 ## - TITLE STATEMENT
Title Advances in computing,control and communication technology /
Statement of responsibility, etc Edited by R.R.Tewari [and] Abhay Kumar Rai
260 ## - PUBLICATION, DISTRIBUTION, ETC. (IMPRINT)
Place of publication, distribution, etc New Delhi
Name of publisher, distributor, etc Allied Publishers
Date of publication, distribution, etc 2016
270 ## - ADDRESS
Address 1/13-14 Asaf Ali Road
City New Delhi
Postal code 110002
300 ## - PHYSICAL DESCRIPTION
Extent xi,300p.:
Dimensions 24cm(pbk)
Other physical details ill.
500 ## - GENERAL NOTE
General note includes index
700 ## - ADDED ENTRY--PERSONAL NAME
Personal name Tewari R. R.
700 ## - ADDED ENTRY--PERSONAL NAME
Personal name Rai Abhay Kumar
942 ## - ADDED ENTRY ELEMENTS (KOHA)
Source of classification or shelving scheme Dewey Decimal Classification
Item type English Books
Classification part 004
Call number suffix ADV
Holdings
Withdrawn status Lost status Not for loan Collection code Home library Current library Date acquired Source of acquisition Cost, normal purchase price Full call number Barcode Copy number Cost, replacement price Koha item type
    Not For Loan Non-fiction D.B.Act.Division Bawana 21/03/2017 DBAD/PUB 575.00 004 ADV EN-101070 1 575.00 English Books

© Delhi Public Library
Hit Counter
free hit counter